Bevölkerungsärmste Landkreise Deutschlands - Statistiken

Allgemein
  • Dieses Quiz wurde 17 mal gespielt
  • Das Durchschnittsergebnis liegt bei 7 aus 20
Antwortstatistiken
Bevölkerungszahl Landkreis % Korrekt
56.434 Sonneberg
56%
62.669 Cochem-Zell
44%
61.912 Vulkaneifel
44%
61.329 Hildburghausen
38%
71.140 Kusel
38%
49.209 Lüchow-Dannenberg
38%
78.619 Saale-Orla-Kreis
38%
72.147 Tirschenreuth
38%
71.972 Wunsiedel im Fichtelgebirge
38%
79.603 Freyung-Grafenau
31%
66.294 Kronach
31%
71.956 Kulmbach
31%
67.555 Lichtenfels
31%
77.940 Regen
31%
58.396 Wittmund
31%
76.088 Donnersbergkreis
25%
70.706 Holzminden
25%
73.216 Kyffhäuserkreis
25%
69.418 Sömmerda
25%
75.836 Prignitz
13%
Keine übereinstimmenden Quizze gefunden
Verteilung der Resultate
Anzahl Personen mit jedem Resultat
Perzentil nach korrekt beantworteten Fragen
Ihre Resultats-Entwicklung
Sie haben dieses Quiz noch nicht gespielt